000 08789nam a22006858a 4500
005 20091207141857.0
008 090417s2009 ii 000 0 eng
010 _aB-364288-324
020 _a9788183480772
_c145.00
035 _aB-364288-324
037 _bDBAD / VEN
040 _adpl
_bEnglish
082 _a340.076
245 _aJudicial service examination:
_bsolved papers /
_cedited by Huma B. Khan
260 _aMeerut
_bArihant Prakashan
_c2008
270 _aKalindi, TP Nagar,
_bMeerut
300 _a252p.
_c24cm(pbk)
500 _aUseful for Judiciary APO & other competitive examinations
500 _a6 previous years papers, 6 model papers
700 _aHuma B. Khan
942 _2ddc
_cEN
_mJUD
_h340.076
999 _c32189
_d32189